000 00484cam a2200145 4500500
005 20251012010402.0
041 _afre
042 _adc
100 1 0 _aLaignel-Lavastine, Alexandra
_eauthor
245 0 0 _aL’inquiétant pouvoir des clichés
260 _c2006.
500 _a62
786 0 _nPhilosophie magazine | 4 | 10-11 | 2006-11-01 | p. 14-14 | 1951-1787
856 4 1 _uhttps://shs.cairn.info/magazine-philosophie-magazine-2006-10-11-page-14?lang=fr&redirect-ssocas=7080
999 _c1519003
_d1519004